| 000 | 00718cam a2200217 a 4500 | ||
|---|---|---|---|
| 001 | 000018488 | ||
| 005 | 20200929165819.0 | ||
| 008 | 790905s1963 nyu 000 1 eng d | ||
| 040 |
_aDO-SdBNP _beng _cLC _dBNPHU |
||
| 042 | _apremarc | ||
| 082 |
_a813.54 _bF469 |
||
| 245 | 1 | 0 |
_aFifty short science fiction tales : / _cedición e introducción Isaac Asimov y Groff Conklin. |
| 260 |
_aNew York : _bCollier Books, _c1963. |
||
| 300 |
_a287 p. ; _c18 cm. |
||
| 650 | 4 |
_aNovela de ciencia ficción _94192 |
|
| 650 | 4 |
_aLiteratura estadounidense _9263 |
|
| 700 | 1 |
_aAsimov, Isaac, _d1920-1992, _eed. _913328 |
|
| 700 | 1 |
_aConklin, Groff, _d1904-1968, _eed. _939997 |
|
| 910 | _aCatalogación derivada / LC | ||
| 049 | _aBNGR | ||
| 999 |
_c18008 _d18008 |
||